000 00945cam a2200289 a 4500
001 780161490
003 AUA.1
005 20251121082205.0
008 120228s2012 mdu b 000 0 eng
010 _a2012006019
020 _a9780828026604
020 _a0828026602
035 _a(OCoLC)780161490
040 _aDLC
_beng
_cDLC
_dEXN
042 _apcc
050 0 0 _aBT695.5
_b.C495 2012
082 0 0 _a261.8/8
_223
100 1 _aChristiansen, Scott.
245 1 0 _aPlanet in distress :
_benvironmental degradation and the great controversy /
_cScott Christiansen.
260 _aHagerstown, MD :
_bReview and Herald Pub. Association,
_cc2012.
300 _a120 p. ;
_c24 cm.
504 _aIncludes bibliograohical references.
650 0 _aHuman ecology
_xReligious aspects
_xChristianity.
650 0 _aEnd of the world.
650 0 _aSeventh-Day Adventists
_xDoctrines.
942 _2lcc
_cBOOK
_hBT 695.5
_i.C495 2012
999 _c25277
_d25277